书目信息 |
| 题名: |
红楼旧址群故事
|
|
| 作者: | ;中共北京市委 , 北京市地方志编纂委员会 著 | |
| 分册: | ||
| 出版信息: | 北京 北京人民出版社 2021.05 |
|
| 页数: | 210页 | |
| 开本: | 24cm | |
| 丛书名: | 北大红楼与中国共产党创建历史丛书 | |
| 单 册: | ||
| 中图分类: | I247.81 | |
| 科图分类: | ||
| 主题词: | 革命故事--ge ming gu shi--作品集--中国--当代 | |
| 电子资源: | ||
| ISBN: | 978-7-5300-0525-5 | |
| 000 | 01237nam 2200265 450 | |
| 001 | 29276 | |
| 005 | 20221017130048.31 | |
| 010 | @a978-7-5300-0525-5@dCNY62.00 | |
| 100 | @a20210708d2021 em y0chiy50 ea | |
| 101 | 0 | @achi |
| 102 | @aCN@b110000 | |
| 105 | @aa z 000fd | |
| 200 | 1 | @a红楼旧址群故事@Ahong lou jiu zhi qun gu shi@f中共北京市委党史研究室, 北京市地方志编纂委员会办公室著 |
| 210 | @a北京@c北京人民出版社@d2021.05 | |
| 215 | @a210页@c图@d24cm | |
| 225 | 2 | @a北大红楼与中国共产党创建历史丛书@Abei da hong lou yu zhong guo gong chan dang chuang jian li shi cong shu |
| 330 | @a本书围绕北大红楼, 通过与北大红楼有着千丝万缕关联的不同人物的故事, 展开了中国共产党成立前后一幅幅生动的历史画卷。书中既有各类人物的回忆, 也有历史档案的佐证, 注重对历史过程的细陈, 强调叙事的故事性。 | |
| 410 | 0 | @12001 @a北大红楼与中国共产党创建历史丛书 |
| 606 | 0 | @a革命故事@Age ming gu shi@x作品集@y中国@z当代 |
| 690 | @aI247.81@v5 | |
| 711 | 02 | @a中共北京市委@Azhong gong bei jing shi wei@b党史研究室@Bdang shi yan jiu shi@4著 |
| 711 | 02 | @a北京市地方志编纂委员会@Abei jing shi di fang zhi bian zuan wei yuan hui@b办公室@Bban gong shi@4著 |
| 801 | 0 | @aCN@c20220910 |
| 905 | @a河南城建学院图书馆@dI247.81@eZ502@f2 | |
| 962 | @a7188803 | |
| 红楼旧址群故事/中共北京市委党史研究室, 北京市地方志编纂委员会办公室著.-北京:北京人民出版社,2021.05 |
| 210页:图;24cm.-(北大红楼与中国共产党创建历史丛书) |
| ISBN 978-7-5300-0525-5:CNY62.00 |
| 本书围绕北大红楼, 通过与北大红楼有着千丝万缕关联的不同人物的故事, 展开了中国共产党成立前后一幅幅生动的历史画卷。书中既有各类人物的回忆, 也有历史档案的佐证, 注重对历史过程的细陈, 强调叙事的故事性。 |
| ● |
| 相关链接 |
|
|
|
正题名:红楼旧址群故事
索取号:I247.81/Z502
 
预约/预借
| 序号 | 登录号 | 条形码 | 馆藏地/架位号 | 状态 | 备注 |
| 1 | 1582745 | 215827452 | 文学库108/108文学库 64排1列4层/ [索取号:I247.81/Z502] | 在馆 | |
| 2 | 1582746 | 215827461 | 文学库108/108文学库 64排1列4层/ [索取号:I247.81/Z502] | 在馆 |